<?xml version="1.0" encoding="UTF-8"?>
<record
    xmlns:xsi="http://www.w3.org/2001/XMLSchema-instance"
    xsi:schemaLocation="http://www.loc.gov/MARC21/slim http://www.loc.gov/standards/marcxml/schema/MARC21slim.xsd"
    xmlns="http://www.loc.gov/MARC21/slim">

  <leader>01376nam0a2200313   4500</leader>
  <controlfield tag="001">RU\NLR\bibl\21537</controlfield>
  <controlfield tag="005">20260407025208.0</controlfield>
  <datafield tag="010" ind1=" " ind2=" ">
    <subfield code="a">5-8288-0215-1</subfield>
    <subfield code="9">500</subfield>
  </datafield>
  <datafield tag="021" ind1=" " ind2=" ">
    <subfield code="a">RU</subfield>
    <subfield code="b">99-914</subfield>
    <subfield code="9">47</subfield>
  </datafield>
  <datafield tag="035" ind1=" " ind2=" ">
    <subfield code="a">(NLR Aleph) 000020987</subfield>
  </datafield>
  <datafield tag="090" ind1=" " ind2=" ">
    <subfield code="a">96259</subfield>
    <subfield code="c">96259</subfield>
  </datafield>
  <datafield tag="100" ind1=" " ind2=" ">
    <subfield code="a">19990412d1998    |||y0rusy50      ca</subfield>
  </datafield>
  <datafield tag="101" ind1="1" ind2=" ">
    <subfield code="a">rus</subfield>
    <subfield code="c">arm</subfield>
  </datafield>
  <datafield tag="102" ind1=" " ind2=" ">
    <subfield code="a">RU</subfield>
  </datafield>
  <datafield tag="105" ind1=" " ind2=" ">
    <subfield code="a">|||||||||||||</subfield>
  </datafield>
  <datafield tag="200" ind1="1" ind2=" ">
    <subfield code="a">&#x41A;&#x43E;&#x43D;&#x441;&#x442;&#x438;&#x442;&#x443;&#x446;&#x438;&#x44F; &#x410;&#x440;&#x43C;&#x435;&#x43D;&#x438;&#x438;</subfield>
    <subfield code="e">&#x410;&#x440;&#x43C;. &#x443;&#x43B;&#x43E;&#x436;&#x435;&#x43D;&#x438;&#x435; &#x437;&#x430;&#x43A;&#x43E;&#x43D;&#x43E;&#x432; &#x434;&#x43B;&#x44F; &#x443;&#x43F;&#x440;. &#x441;&#x442;&#x440;&#x430;&#x43D;&#x43E;&#x439; &#x410;&#x440;&#x43C;&#x44F;&#x43D;&#x441;&#x43A;&#x43E;&#x439;, 1773 &#x433;.</subfield>
    <subfield code="e">&#x41F;&#x440;&#x43E;&#x435;&#x43A;&#x442;</subfield>
    <subfield code="e">(&#x41F;&#x435;&#x440;. &#x441; &#x434;&#x440;&#x435;&#x432;&#x43D;&#x435;&#x430;&#x440;&#x43C;.)</subfield>
    <subfield code="f">[&#x425;&#x430;&#x447;&#x430;&#x442;&#x443;&#x440;&#x44F;&#x43D; &#x410;.&#x411;., &#x43F;&#x435;&#x440;., &#x440;&#x435;&#x434;. &#x440;&#x443;&#x441;. &#x438;&#x437;&#x434;., &#x43F;&#x440;&#x438;&#x43C;&#x435;&#x447;. &#x438; &#x43A;&#x43E;&#x43C;&#x43C;&#x435;&#x43D;&#x442;., &#x43F;&#x440;&#x435;&#x434;&#x438;&#x441;&#x43B;. &#x438; &#x43F;&#x43E;&#x441;&#x43B;&#x435;&#x441;&#x43B;.]</subfield>
  </datafield>
  <datafield tag="210" ind1=" " ind2=" ">
    <subfield code="a">&#x41C;.</subfield>
    <subfield code="c">&#x418;&#x437;&#x434;-&#x432;&#x43E; &#x41C;&#x413;&#x41E;&#x41F;&#x423;</subfield>
    <subfield code="d">1998</subfield>
  </datafield>
  <datafield tag="215" ind1=" " ind2=" ">
    <subfield code="a">108 &#x441;.</subfield>
    <subfield code="c">&#x444;&#x430;&#x43A;&#x441;.</subfield>
    <subfield code="d">17</subfield>
  </datafield>
  <datafield tag="604" ind1=" " ind2=" ">
    <subfield code="1">71001$a&#x410;&#x440;&#x43C;&#x435;&#x43D;&#x438;&#x44F;</subfield>
    <subfield code="1">50011$a&#x41A;&#x43E;&#x43D;&#x441;&#x442;&#x438;&#x442;&#x443;&#x446;&#x438;&#x44F;$n1773$x&#x41F;&#x440;&#x43E;&#x435;&#x43A;&#x442;$2nlr-sh1$2nlr-sh2</subfield>
    <subfield code="a">&#x410;&#x440;&#x43C;&#x435;&#x43D;&#x438;&#x44F;</subfield>
    <subfield code="t">&#x41A;&#x43E;&#x43D;&#x441;&#x442;&#x438;&#x442;&#x443;&#x446;&#x438;&#x44F;</subfield>
    <subfield code="x">&#x41F;&#x440;&#x43E;&#x435;&#x43A;&#x442;</subfield>
  </datafield>
  <datafield tag="686" ind1=" " ind2=" ">
    <subfield code="a">&#x425;2(2&#x410;&#x440;)4</subfield>
  </datafield>
  <datafield tag="701" ind1=" " ind2="1">
    <subfield code="a">&#x425;&#x430;&#x447;&#x430;&#x442;&#x443;&#x440;&#x44F;&#x43D;</subfield>
    <subfield code="b">&#x410;. &#x411;.</subfield>
    <subfield code="g">&#x410;&#x448;&#x43E;&#x442; &#x411;&#x43E;&#x433;&#x434;&#x430;&#x43D;&#x43E;&#x432;&#x438;&#x447;</subfield>
    <subfield code="4">730</subfield>
  </datafield>
  <datafield tag="740" ind1=" " ind2="1">
    <subfield code="a">&#x410;&#x440;&#x43C;&#x435;&#x43D;&#x438;&#x44F;</subfield>
    <subfield code="t">&#x41A;&#x43E;&#x43D;&#x441;&#x442;&#x438;&#x442;&#x443;&#x446;&#x438;&#x44F;</subfield>
    <subfield code="f">1773</subfield>
    <subfield code="3">RU\NLR\AUTH\8810010949</subfield>
    <subfield code="9">519573</subfield>
  </datafield>
  <datafield tag="801" ind1=" " ind2="0">
    <subfield code="a">RU</subfield>
    <subfield code="b">NLR</subfield>
    <subfield code="c">19990412</subfield>
    <subfield code="g">PSBO</subfield>
  </datafield>
  <datafield tag="801" ind1=" " ind2="1">
    <subfield code="a">RU</subfield>
    <subfield code="b">NLR</subfield>
    <subfield code="c">19990412</subfield>
  </datafield>
  <datafield tag="852" ind1=" " ind2=" ">
    <subfield code="a">NLR</subfield>
    <subfield code="j">99-2/227</subfield>
  </datafield>
  <datafield tag="942" ind1=" " ind2=" ">
    <subfield code="c">BOOK</subfield>
  </datafield>
  <datafield tag="980" ind1=" " ind2=" ">
    <subfield code="a">NB</subfield>
  </datafield>
  <datafield tag="995" ind1=" " ind2=" ">
    <subfield code="5">2013-10-26</subfield>
    <subfield code="b">NLR01</subfield>
    <subfield code="c">NLR01</subfield>
    <subfield code="e">RF8</subfield>
    <subfield code="f">20987-10</subfield>
    <subfield code="k">99-2/227</subfield>
    <subfield code="o">0</subfield>
    <subfield code="r">BOOK</subfield>
    <subfield code="s">992227_</subfield>
  </datafield>
</record>
